| 000 | 00926cab a2200289 4500 | ||
|---|---|---|---|
| 001 | ABS52677 | ||
| 008 | 090401t1995 xxu||||| |||| 00| 0 eng d | ||
| 035 | _a(Sirsi) u90326 | ||
| 041 | _aeng | ||
| 100 | _aSpedding, A. | ||
| 245 | _aManaging major items of maintenance in large organisations | ||
| 260 | _c1995 | ||
| 350 | _a0 | ||
| 490 |
_aCSM (Chartered Surveyor Monthly) _v4(6) April 1995, 27(1) |
||
| 520 | _aIntroduces a computer program devised at the University of the West of England to assist in prioritising maintenance requirements. | ||
| 650 | _aBUDGETING | ||
| 650 | _aBUILT ENVIRONMENT-BUILDING MAINTENANCE AND REFURBISHMENT | ||
| 650 | _aCOMPUTERS | ||
| 650 | _aPLANNED MAINTENANCE | ||
| 650 | _aRESEARCH | ||
| 650 | _aSOFTWARE PACKAGES | ||
| 690 | _aBUILDING AND CONSTRUCTION-REPAIRS AND MAINTENANCE | ||
| 700 | _aHolmes, R. | ||
| 700 | _aShen, G. | ||
| 942 | _n0 | ||
| 948 | _c04/03/1997 | ||
| 999 |
_c57258 _d57258 |
||